Ray Bradbury Books Quiz Stats

 Plays Quiz not verified by Sporcle

Score 0/35 Timer 08:00
0 Plays Today
Year Published Book Title % Correct
1953Fahrenheit 451
90.3%
1950The Martian Chronicles
84.7%
1962Something Wicked This Way Comes
83.3%
1957Dandelion Wine
76.4%
1951The Illustrated Man
73.6%
1962R is for Rocket
59.7%
1955The October Country
56.9%
1966S is for Space
52.8%
1972The Halloween Tree
45.8%
1969I Sing the Body Electric!
44.4%
1953The Golden Apples of the Sun
34.7%
1990A Graveyard for Lunatics
34.7%
1959A Medicine for Melancholy
33.3%
1984Death is a Lonely Business
33.3%
1947Dark Carnival
30.6%
1992Green Shadows, White Whale
27.8%
2006Farewell Summer
27.8%
1964The Machineries of Joy
26.4%
Year Published Book Title % Correct
2001From the Dust Returned
23.6%
1997Driving Blind
20.8%
1988The Toynbee Convector
16.7%
2002One More for the Road
16.7%
2004Let's All Kill Constance
16.7%
1983Dinosaur Tales
15.3%
2004The Cats Pajamas
13.9%
1966Twice 22
9.7%
1973When Elephants Last in the Dooryard Bloomed
9.7%
1996Quicker Than The Eye
9.7%
1989Zen in the Art of Writing
5.6%
2005Bradbury Speaks
5.6%
2007Now and Forever
4.2%
1984A Memory of Murder
2.8%
1991Yestermorrow
2.8%
1998Ahmed and the Oblivion Machines
1.4%
1981The Haunted Computer and the Android Pope
0%

You're not logged in!

Compare scores with friends on all Sporcle quizzes.
OR
Log In

Show Comments

Extras

Top Quizzes Today


Score Distribution

Your Account Isn't Verified!

In order to create a playlist on Sporcle, you need to verify the email address you used during registration. Go to your Sporcle Settings to finish the process.

Report this User

Report this user for behavior that violates our Community Guidelines.

Details: